000 00207 a2200097 4500
001 11362
100 _aBraddon, R.
245 _aSuez: Splitting of a Nation
260 _a
_bCollins
_c
090 _c8911
_d8911
942 _aNUST-CAE
_cM
_c35724
999 _c246435
_d246435